| 000 | 01006njm a2200265 i 4500 | ||
|---|---|---|---|
| 001 | 4648 | ||
| 003 | ES-MaACL | ||
| 005 | 20240620063047.0 | ||
| 007 | s|r||||||||||| | ||
| 008 | 070803s1966 sp ||| g ||||||||1|nspa d | ||
| 100 | 1 |
_aCarballar, Servando. _934995 |
|
| 245 | 1 | 0 |
_aRecital del "Poema del Mío Cid" por Servando Carballar _h[Grabación sonora] / _cinterviene Servando Carballar. |
| 260 |
_aMadrid : _bAteneo de Madrid, _c1966. |
||
| 300 |
_a1 disco (CD-DA) (1 h. 14 min. 47 seg.) ; _c12 cm. |
||
| 490 | 1 | _aRecitales independientes | |
| 500 | _aDatos basados en la invitación. | ||
| 518 | _aActo organizado por el Ateneo de Madrid, grabado el viernes 11 de marzo de 1966. | ||
| 610 | 2 | 4 |
_aAteneo de Madrid- _xActos culturales- _y1966- _vGrabaciones sonoras. _91880 |
| 630 | 0 |
_aPoema del Cid. _9123904 |
|
| 710 | 2 |
_aAteneo de Madrid. _91875 |
|
| 830 | 0 |
_aRecitales independientes _9227674 |
|
| 852 |
_aES-MaACL _jROT 3/2/14 _94765 _cROT |
||
| 942 | _2udc | ||
| 999 |
_c4648 _d4648 |
||